00464nam a2200181Ia 4500003000400000005001700004008004100021040000700062041001200069082001500081100001700096245003900113260005100152300003300203365000800236700001800244700002000262OSt20251111182359.0210423s1998 xx 000 0 und d cAL aEnglish a370 bBUCC aPiloo M Buch aContemporary thoughts on education aBarodabSociety for Education & Resourcec1998 bxii, 316p.aHBc24.5x16.3cm. cINR aBuch, Piloo M aDave, Jyotsna P